Computer oriented numerical methods / (Record no. 51141)

MARC details
000 -LEADER
fixed length control field 00986nam a22002777a 4500
005 - DATE AND TIME OF LATEST TRANSACTION
control field 20110318101114.0
008 - FIXED-LENGTH DATA ELEMENTS--GENERAL INFORMATION
fixed length control field 110318t xxu||||| |||| 00| 0 eng d
010 ## - LCCN (DPL NO)
LC control number ENG-102165
020 ## - INTERNATIONAL STANDARD BOOK NUMBER
International Standard Book Number 9788125942504
Terms of availability 250.00
035 ## - SYSTEM CONTROL NUMBER
System control number EN-85698
037 ## - SOURCE OF ACQUISITION
Source of stock number/acquisition DBAD/PUB
040 ## - CATALOGING SOURCE
Original cataloging agency dpl
Language of cataloging Eng
082 ## - DEWEY DECIMAL CLASSIFICATION NUMBER
Classification number 510.78
100 1# - MAIN ENTRY--PERSONAL NAME
9 (RLIN) 26630
Personal name Datta, N.
245 10 - TITLE STATEMENT
Title Computer oriented numerical methods /
Statement of responsibility, etc by N. Datta
260 ## - PUBLICATION, DISTRIBUTION, ETC. (IMPRINT)
Place of publication, distribution, etc Noida
Name of publisher, distributor, etc Vikas Publishing House
Date of publication, distribution, etc 2011
270 ## - ADDRESS
Address E-28, Sector-8
City Noida
Postal code 201301
300 ## - PHYSICAL DESCRIPTION
Extent xi,300p.
Dimensions 23cm (pbk)
490 ## - SERIES STATEMENT
Series statement Vikas-GTU students'series
-- 26667
500 ## - GENERAL NOTE
General note Includes index
650 #0 - SUBJECT ADDED ENTRY--TOPICAL TERM
9 (RLIN) 26631
700 ## - ADDED ENTRY--PERSONAL NAME
9 (RLIN) 26636
942 ## - ADDED ENTRY ELEMENTS (KOHA)
Source of classification or shelving scheme Dewey Decimal Classification
Item type English Books
Call number suffix DAT
Classification part 510.78
Holdings
Withdrawn status Lost status Source of classification or shelving scheme Damaged status Not for loan Collection code Home library Current library Date acquired Source of acquisition Cost, normal purchase price Total Checkouts Full call number Barcode Date last seen Copy number Cost, replacement price Koha item type
    Dewey Decimal Classification   Not For Loan Non-fiction D.B.Act.Division D.B.Act.Division 18/03/2011 DBAD/PUB 250.00   510.78 DAT EN-85698 18/03/2011 1 250.00 English Books

© Delhi Public Library
Hit Counter
free hit counter